Dodatočné odpisy po skolaudovaní

Odpisovanie hmotného a nehmotného majetku o ktorom daňovník účtuje vo svojom majetku, podľa zákona o dani z príjmov č. 595/2222 Z. z. v znení neskorších predpisov, je postupné prenášanie vstupnej (obstarávacej) ceny do daňových výdavkov. Uplatňovanie odpisov.

Enregistré dans:
Détails bibliographiques
Auteur principal: Kubaščíková, Zuzana, 1982-
Format: Chapitre de livre
Langue:slovaque
Sujets:
Tags: Ajouter un tag
Pas de tags, Soyez le premier à ajouter un tag!

MARC

LEADER 00000naa a2200000 4500
001 0172091
005 20240502072942.0
041 0 |a slo 
044 |a SK 
245 1 0 |a Dodatočné odpisy po skolaudovaní  |c Zuzana Kubaščíková 
520 |a Odpisovanie hmotného a nehmotného majetku o ktorom daňovník účtuje vo svojom majetku, podľa zákona o dani z príjmov č. 595/2222 Z. z. v znení neskorších predpisov, je postupné prenášanie vstupnej (obstarávacej) ceny do daňových výdavkov. Uplatňovanie odpisov. 
610 2 0 |a majetok hmotný 
610 2 0 |a majetok nehmotný 
610 2 0 |a odpisy daňové 
610 2 0 |a odpisy účtovné 
610 2 0 |a obdobie účtovné 
610 2 0 |a pravidlá účtovné 
610 2 0 |a zákony 
100 1 |a Kubaščíková, Zuzana, 1982-